The weather and climate of Connecticut, (Record no. 27644)

MARC details
000 -LEADER
fixed length control field 00886cam a22002531 4500
001 - CONTROL NUMBER
control field gs 40000199
003 - CONTROL NUMBER IDENTIFIER
control field DLC
005 - DATE AND TIME OF LATEST TRANSACTION
control field 20260227111345.0
008 - FIXED-LENGTH DATA ELEMENTS--GENERAL INFORMATION
fixed length control field 771013s1939 ctuab 000 0 eng c
010 ## - LIBRARY OF CONGRESS CONTROL NUMBER
LC control number gs 40000199
035 ## - SYSTEM CONTROL NUMBER
System control number (OCoLC)3338401
040 ## - CATALOGING SOURCE
Original cataloging agency U. S. Geol. survey. Library
Transcribing agency CtFaU
Modifying agency DLC
042 ## - AUTHENTICATION CODE
Authentication code premarc
050 00 - LIBRARY OF CONGRESS CALL NUMBER
Classification number QC984.C8
Item number K5
082 ## - DEWEY DECIMAL CLASSIFICATION NUMBER
Classification number 557.46 s
100 1# - MAIN ENTRY--PERSONAL NAME
Personal name Kirk, Joseph Milton,
Dates associated with a name 1872-
245 14 - TITLE STATEMENT
Title The weather and climate of Connecticut,
Statement of responsibility, etc. by Joseph Milton Kirk.
260 ## - PUBLICATION, DISTRIBUTION, ETC.
Place of publication, distribution, etc. Hartford,
Name of publisher, distributor, etc. The state Geological and natural history survey,
Date of publication, distribution, etc. 1939.
300 ## - PHYSICAL DESCRIPTION
Extent 242, xi p.
Other physical details incl. illus. (maps) tables, diagrs.
Dimensions 23 cm.
490 0# - SERIES STATEMENT
Series statement Connecticut. State geological and natural history survey. Bulletin
Volume/sequential designation no. 61
500 ## - GENERAL NOTE
General note State of Connecticut. Public document no. 47.
650 #0 - SUBJECT ADDED ENTRY--TOPICAL TERM
Topical term or geographic name entry element Meteorology
Geographic subdivision Connecticut.
651 #0 - SUBJECT ADDED ENTRY--GEOGRAPHIC NAME
Geographic name Connecticut
General subdivision Climate.

No items available.

Powered by Koha